书目信息 |
| 题名: |
梅花基因组学研究
|
|
| 作者: | 张启翔 著 | |
| 分册: | ||
| 出版信息: | 北京 中国农业出版社 2018 |
|
| 页数: | 289页 | |
| 开本: | 29cm | |
| 丛书名: | ||
| 单 册: | ||
| 中图分类: | S685.170.32 | |
| 科图分类: | ||
| 主题词: | 梅花--Mei Hua--基因组--研究 | |
| 电子资源: | ||
| ISBN: | 978-7-109-25052-9 | |
| 000 | 01069nam0 2200265 450 | |
| 001 | 012001003387 | |
| 005 | 20140130135256.0 | |
| 010 | @a978-7-109-25052-9@dCNY300.00 | |
| 099 | @aCAL 012019120392 | |
| 100 | @a20190926d2018 em y0chiy50 ea | |
| 101 | 0 | @achi |
| 102 | @aCN@b110000 | |
| 105 | @aa a 000yy | |
| 106 | @ar | |
| 200 | 1 | @a梅花基因组学研究@AMei Hua Ji Yin Zu Xue Yan Jiu@d= Genomics of prunus mume@f张启翔等著@zeng |
| 210 | @a北京@c中国农业出版社@d2018 | |
| 215 | @a289页@c彩图@d29cm | |
| 320 | @a有书目 | |
| 330 | @a本书是北京林业大学张启翔教授团队多年科研成果的总结和汇编,分章节全面系统地介绍了梅花全基因组测序及精细图谱构建、重要品种重测序与全基因组关联分析、遗传图谱构建与重要性状QTL定位、花香分子调控机制研究、花发育的分子机理研究、花色分子调控机理分析、抗寒分子机制研究,适合科研人员、高校师生使用。 | |
| 510 | 1 | @aGenomics of prunus mume@zeng |
| 606 | 0 | @a梅花@AMei Hua@x基因组@x研究 |
| 690 | @aS685.170.32@v5 | |
| 701 | 0 | @a张启翔@AZhang Qi Xiang@4著 |
| 801 | 0 | @aCN@b北京卓展@c20191020 |
| 905 | @b1211452-3@dS685.170.32@e579@f2 | |
| 梅花基因组学研究= Genomics of prunus mume/张启翔等著.-北京:中国农业出版社,2018 |
| 289页:彩图;29cm |
| ISBN 978-7-109-25052-9:CNY300.00 |
| 本书是北京林业大学张启翔教授团队多年科研成果的总结和汇编,分章节全面系统地介绍了梅花全基因组测序及精细图谱构建、重要品种重测序与全基因组关联分析、遗传图谱构建与重要性状QTL定位、花香分子调控机制研究、花发育的分子机理研究、花色分子调控机理分析、抗寒分子机制研究,适合科研人员、高校师生使用。 |
| ● |
| 相关链接 |
|
|
|
|
正题名:梅花基因组学研究
索取号:S685.170.32/579
 
预约/预借
| 序号 | 登录号 | 条形码 | 馆藏地/架位号 | 状态 | 备注 |
| 1 | 1211452 | 212114521 | 第二样本阅览室/ [索取号:S685.170.32/579] | 在馆 | |
| 2 | 1211453 | 212114530 | 第三借阅区/ [索取号:S685.170.32/579] | 在馆 |